[Event "Swindon Open 1st"]
[Site "Swindon"]
[Date "2025.08.23"]
[Round "3.7"]
[White "Hariharan, Shambavi"]
[Black "Tamilselvan, Tara"]
[Result "1-0"]
[WhiteElo "2069"]
[BlackElo "1795"]
[PlyCount "83"]
[EventDate "2025.08.22"]
[EventType "swiss"]
[EventRounds "6"]
[EventCountry "ENG"]
[SourceTitle "BritBase"]
[Source "John Saunders"]
[SourceDate "2025.12.11"]
[SourceVersion "1"]
[SourceVersionDate "2025.12.11"]
[SourceQuality "1"]

1. d4 Nf6 2. c4 g6 3. Nc3 d5 4. cxd5 Nxd5 5. e4 Nxc3 6. bxc3 Bg7 7. Nf3 c5 8. Be2 Nc6 9. Be3 cxd4 10. cxd4 Qa5+ 11. Bd2 Qc7 12. Rc1 Qd7 13. d5 Ne5 14. Nxe5 Bxe5 15. O-O O-O 16. f4 Bg7 17. Be3 b6 18. Qc2 Qd6 19. e5 Qa3 20. Qd2 Ba6 21. Bxa6 Qxa6 22. Rc7 Rfe8 23. Rfc1 Rad8 24. d6 exd6 25. Qd5 Rf8 26. e6 Qa3 27. Bd2 Rb8 28. Rxf7 Rxf7 29. exf7+ Kh8 30. Qe6 Rf8 31. Rc8 Qb2 32. Be3 Qb1+ 33. Kf2 Qb2+ 34. Kf3 Qa1 35. Rxf8+ Bxf8 36. Qe4 Qd1+ 37. Kg3 Kg7 38. Bd4+ Kxf7 39. Qd5+ Ke8 40. Qe6+ Be7 41. Bf6 Qd3+ 42. Kh4 1-0

[Event "Swindon Open 1st"]
[Site "Swindon"]
[Date "2025.08.23"]
[Round "3.8"]
[White "Sieczkowski, Adam"]
[Black "Sachdeva, Ronit"]
[Result "1/2-1/2"]
[WhiteElo "1806"]
[BlackElo "2058"]
[PlyCount "123"]
[EventDate "2025.08.22"]
[EventType "swiss"]
[EventRounds "6"]
[EventCountry "ENG"]
[SourceTitle "BritBase"]
[Source "John Saunders"]
[SourceDate "2025.12.11"]
[SourceVersion "1"]
[SourceVersionDate "2025.12.11"]
[SourceQuality "1"]

1. Nf3 Nf6 2. g3 g6 3. d4 d5 4. Bg2 Bg7 5. O-O O-O 6. c4 c6 7. b3 dxc4 8. bxc4 c5 9. e3 Nc6 10. Bb2 Qb6 11. Qc1 Rd8 12. Nbd2 Bf5 13. Nb3 cxd4 14. Nfxd4 Nxd4 15. Nxd4 Be4 16. f3 Bc6 17. Nxc6 Qxc6 18. f4 Qc5 19. Ba3 Qc7 20. Rb1 Rab8 21. h3 e6 22. Kh2 h5 23. Rf2 b6 24. Rc2 Nd7 25. c5 bxc5 26. Rxb8 Rxb8 27. Qd1 Bf8 28. Bb2 Bg7 29. Bc1 Nb6 30. g4 Rd8 31. Rxc5 Qe7 32. Qc2 hxg4 33. hxg4 Qh4+ 34. Bh3 Nd5 35. g5 Bf8 36. Rc4 Qe1 37. Bxe6 fxe6 38. Qxg6+ Bg7 39. Qxe6+ Kh8 40. Qh3+ Kg8 41. Rc2 Re8 42. g6 Nf6 43. Bb2 Qxe3 44. Qxe3 Rxe3 45. Kg2 Re8 46. Kf3 Nd5 47. Bxg7 Kxg7 48. Rc5 Nxf4 49. Kxf4 Kxg6 50. Rc6+ Kf7 51. Kf5 Re7 52. a4 Ke8 53. Rd6 Rd7 54. Ke6 Rxd6+ 55. Kxd6 Kd8 56. Kc6 Kc8 57. a5 a6 58. Kb6 Kb8 59. Kxa6 Ka8 60. Kb6 Kb8 61. a6 Ka8 62. a7 1/2-1/2

[Event "Swindon Open 1st"]
[Site "Swindon"]
[Date "2025.08.23"]
[Round "3.9"]
[White "Gimenez Menchon, Cesar"]
[Black "Coman, Kas"]
[Result "1-0"]
[WhiteElo "2075"]
[BlackElo "1950"]
[PlyCount "51"]
[EventDate "2025.08.22"]
[EventType "swiss"]
[EventRounds "6"]
[EventCountry "ENG"]
[SourceTitle "BritBase"]
[Source "John Saunders"]
[SourceDate "2025.12.11"]
[SourceVersion "1"]
[SourceVersionDate "2025.12.11"]
[SourceQuality "1"]

1. e4 c5 2. c3 Nf6 3. e5 Nd5 4. Nf3 Nc6 5. Bc4 Nb6 6. Bb3 c4 7. Bc2 d5 8. exd6 e5 9. O-O Bxd6 10. d4 cxd3 11. Qxd3 Be6 12. Rd1 Be7 13. Qe2 Qc7 14. Ng5 Bd7 15. Bb3 Nd8 16. a4 Bxg5 17. Bxg5 Ne6 18. Be3 O-O 19. a5 Nc8 20. Na3 Ne7 21. Nb5 Bxb5 22. Qxb5 a6 23. Qd7 Rfd8 24. Qxc7 Nxc7 25. Bb6 Rxd1+ 26. Rxd1 1-0

[Event "Swindon Open 1st"]
[Site "Swindon"]
[Date "2025.08.23"]
[Round "3.10"]
[White "Girdlestone, Paul C"]
[Black "Thomas, James"]
[Result "1-0"]
[WhiteElo "2059"]
[BlackElo "1882"]
[PlyCount "73"]
[EventDate "2025.08.22"]
[EventType "swiss"]
[EventRounds "6"]
[EventCountry "ENG"]
[SourceTitle "BritBase"]
[Source "John Saunders"]
[SourceDate "2025.12.11"]
[SourceVersion "1"]
[SourceVersionDate "2025.12.11"]
[SourceQuality "1"]

1. e4 e6 2. b3 d5 3. Bb2 Nf6 4. e5 Nfd7 5. f4 c5 6. Bd3 Nc6 7. Nf3 Be7 8. O-O f5 9. Kh1 O-O 10. Be2 a6 11. d4 b5 12. c4 bxc4 13. bxc4 Nb6 14. Nbd2 Rb8 15. dxc5 Bxc5 16. Nb3 Be3 17. Ba3 dxc4 18. Bxf8 Qxf8 19. Nfd4 Nxd4 20. Nxd4 Qc5 21. Nc2 Nd5 22. Nxe3 Nxe3 23. Qd8+ Kf7 24. Rab1 Rb7 25. Bh5+ g6 26. Rxb7+ Bxb7 27. Qf6+ Ke8 28. Qxe6+ Qe7 29. Qg8+ Kd7 30. Bf3 Nxf1 31. Bxb7 Qh4 32. Qc8+ Ke7 33. Qc7+ Kf8 34. Qd6+ Kg7 35. Kg1 Qe1 36. Qf6+ Kh6 37. Qf8+ 1-0

[Event "Swindon Open 1st"]
[Site "Swindon"]
[Date "2025.08.23"]
[Round "3.11"]
[White "Headlong, Timothy"]
[Black "Brocklehurst, Andrew"]
[Result "1/2-1/2"]
[WhiteElo "2024"]
[BlackElo "1856"]
[PlyCount "68"]
[EventDate "2025.08.22"]
[EventType "swiss"]
[EventRounds "6"]
[EventCountry "ENG"]
[SourceTitle "BritBase"]
[Source "John Saunders"]
[SourceDate "2025.12.11"]
[SourceVersion "1"]
[SourceVersionDate "2025.12.11"]
[SourceQuality "1"]

1. Nf3 Nf6 2. c4 g6 3. Nc3 Bg7 4. e4 d6 5. d4 O-O 6. Be2 c6 7. O-O Bg4 8. Be3 Qc7 9. h3 Bxf3 10. Bxf3 Nbd7 11. Rc1 a6 12. g3 e5 13. Bg2 Rad8 14. b3 Rfe8 15. d5 c5 16. Ne2 b5 17. Qd2 b4 18. g4 Nb6 19. Bg5 Ra8 20. Ng3 Rf8 21. Kh1 a5 22. Bf3 a4 23. Bd1 axb3 24. axb3 Ra3 25. f3 Rfa8 26. Bc2 Ra2 27. Rb1 R8a3 28. Qc1 Qc8 29. Bd1 Qd7 30. Rg1 h5 31. Rg2 hxg4 32. fxg4 Rxg2 33. Kxg2 Qa7 34. Rb2 Ra2 1/2-1/2

[Event "Swindon Open 1st"]
[Site "Swindon"]
[Date "2025.08.23"]
[Round "3.12"]
[White "Dewangan, Aayush"]
[Black "Holmes, Matthew A"]
[Result "1-0"]
[WhiteElo "2011"]
[BlackElo "1776"]
[PlyCount "101"]
[EventDate "2025.08.22"]
[EventType "swiss"]
[EventRounds "6"]
[EventCountry "ENG"]
[SourceTitle "BritBase"]
[Source "John Saunders"]
[SourceDate "2025.12.11"]
[SourceVersion "1"]
[SourceVersionDate "2025.12.11"]
[SourceQuality "1"]

1. e4 e6 2. d4 d5 3. Nd2 c5 4. exd5 Qxd5 5. Ngf3 cxd4 6. Bc4 Qd7 7. Nb3 Nc6 8. O-O a6 9. a4 Bd6 10. Nbxd4 Nxd4 11. Qxd4 Nf6 12. Be3 O-O 13. Rfd1 Bc7 14. Qc5 Qc6 15. Qxc6 bxc6 16. Nd4 Ng4 17. g3 Nxe3 18. fxe3 Bb6 19. Kf2 Bb7 20. Nb3 Rfd8 21. a5 Ba7 22. Ke2 Kf8 23. Rxd8+ Rxd8 24. Nc1 Bc5 25. Nd3 Be7 26. b4 Rb8 27. c3 Bd6 28. e4 e5 29. Rf1 f6 30. g4 h6 31. h4 Ke7 32. g5 hxg5 33. hxg5 Rh8 34. gxf6+ gxf6 35. Rg1 Kf8 36. Rg6 Be7 37. Nf2 c5 38. b5 axb5 39. Bxb5 Kf7 40. Rg1 Ra8 41. Ra1 Ba6 42. c4 Ke6 43. Nd3 f5 44. exf5+ Kxf5 45. Bd7+ Kf6 46. Rf1+ Kg7 47. Rg1+ Kf6 48. Rf1+ Kg7 49. Nxe5 Bd8 50. Rf7+ Kg8 51. Be6 1-0

[Event "Swindon Open 1st"]
[Site "Swindon"]
[Date "2025.08.23"]
[Round "3.13"]
[White "Moyse, Nigel John"]
[Black "Hill, Andy"]
[Result "1-0"]
[WhiteElo "1944"]
[BlackElo "1989"]
[PlyCount "113"]
[EventDate "2025.08.22"]
[EventType "swiss"]
[EventRounds "6"]
[EventCountry "ENG"]
[SourceTitle "BritBase"]
[Source "John Saunders"]
[SourceDate "2025.12.11"]
[SourceVersion "1"]
[SourceVersionDate "2025.12.11"]
[SourceQuality "1"]

1. d4 Nf6 2. Bg5 g6 3. Bxf6 exf6 4. e3 d5 5. Qf3 Be6 6. Nc3 Bb4 7. Bd3 c5 8. Bb5+ Kf8 9. Bf1 Kg7 10. Nge2 Nc6 11. O-O-O cxd4 12. exd4 h5 13. h3 Qa5 14. Kb1 Rac8 15. a3 Bd6 16. Nc1 Ne7 17. Nb3 Qc7 18. Bd3 a6 19. Na4 b6 20. Ka2 Ra8 21. g4 Qc6 22. Nc3 h4 23. Ne2 g5 24. Qe3 Ng6 25. Bxg6 fxg6 26. f4 Rhe8 27. Qd2 Bf7 28. fxg5 fxg5 29. Rhf1 Ra7 30. Rf3 Qc4 31. Rf2 Kh6 32. Rdf1 Rae7 33. Nec1 Bf4 34. Rxf4 gxf4 35. g5+ Kg7 36. Qxf4 Qxc2 37. Qf6+ Kg8 38. Rf4 Be6 39. Rf2 Qc8 40. Qxg6+ Rg7 41. Qh6 Bxh3 42. Nd3 Qg4 43. Ne5 Qxg5 44. Qxb6 Bc8 45. Qc6 Rd8 46. Nc5 Qe7 47. Qh6 Rd6 48. Qh5 h3 49. Ncd3 Rh7 50. Qf3 Rd8 51. Nf4 Bf5 52. Nh5 Rf8 53. Qg3+ Kh8 54. Rxf5 Rg8 55. Ng6+ Rxg6 56. Qxg6 h2 57. Nf6 1-0

[Event "Swindon Open 1st"]
[Site "Swindon"]
[Date "2025.08.23"]
[Round "3.14"]
[White "Kapechun, Mikhailo"]
[Black "Lin, Vickie"]
[Result "1-0"]
[WhiteElo "1985"]
[BlackElo "1070"]
[PlyCount "51"]
[EventDate "2025.08.22"]
[EventType "swiss"]
[EventRounds "6"]
[EventCountry "ENG"]
[SourceTitle "BritBase"]
[Source "John Saunders"]
[SourceDate "2025.12.11"]
[SourceVersion "1"]
[SourceVersionDate "2025.12.11"]
[SourceQuality "1"]

1. e4 c6 2. Nf3 d5 3. Nc3 dxe4 4. Nxe4 Nf6 5. Qe2 Bf5 6. Nxf6+ gxf6 7. d4 e6 8. Nh4 Bg6 9. Nxg6 hxg6 10. Be3 Nd7 11. O-O-O Qa5 12. Kb1 Nb6 13. Qf3 Nd5 14. Bc1 Rc8 15. c4 Nb6 16. Qxf6 Rh5 17. Bd3 Nd7 18. Qf3 c5 19. g4 Rh7 20. d5 Kd8 21. dxe6 fxe6 22. Bxg6 Be7 23. Bxh7 Rc6 24. Qf7 Bd6 25. Qxe6 Kc7 26. Rxd6 1-0

[Event "Swindon Open 1st"]
[Site "Swindon"]
[Date "2025.08.23"]
[Round "3.15"]
[White "Gordon, Sean"]
[Black "Jones, Mark A"]
[Result "1-0"]
[WhiteElo "1975"]
[BlackElo "1858"]
[PlyCount "57"]
[EventDate "2025.08.22"]
[EventType "swiss"]
[EventRounds "6"]
[EventCountry "ENG"]
[SourceTitle "BritBase"]
[Source "John Saunders"]
[SourceDate "2025.12.11"]
[SourceVersion "1"]
[SourceVersionDate "2025.12.11"]
[SourceQuality "1"]

1. Nf3 d5 2. g3 c6 3. Bg2 Bg4 4. d4 Nd7 5. Nbd2 Ngf6 6. c4 e6 7. b3 Bd6 8. Bb2 Qe7 9. Ne5 Bf5 10. O-O O-O 11. Qe1 Ne4 12. Nxe4 Bxe4 13. f3 Nxe5 14. fxe4 Ng4 15. e5 Ba3 16. Bxa3 Qxa3 17. cxd5 cxd5 18. Qd2 f5 19. h3 Nh6 20. Rac1 Rfc8 21. Rc2 Rxc2 22. Qxc2 a5 23. Qc7 Qb4 24. e3 a4 25. bxa4 Kh8 26. Rc1 Qd2 27. Rc3 Rxa4 28. Qd8+ Ng8 29. Rc8 1-0

[Event "Swindon Open 1st"]
[Site "Swindon"]
[Date "2025.08.23"]
[Round "3.16"]
[White "Warimwe, David James"]
[Black "Terler, Bohdan"]
[Result "1/2-1/2"]
[WhiteElo "1853"]
[BlackElo "1974"]
[PlyCount "110"]
[EventDate "2025.08.22"]
[EventType "swiss"]
[EventRounds "6"]
[EventCountry "ENG"]
[SourceTitle "BritBase"]
[Source "John Saunders"]
[SourceDate "2025.12.11"]
[SourceVersion "1"]
[SourceVersionDate "2025.12.11"]
[SourceQuality "1"]

1. e4 c6 2. Nf3 d5 3. Nc3 dxe4 4. Nxe4 Nf6 5. Qe2 Nxe4 6. Qxe4 Nd7 7. Bc4 Nf6 8. Ne5 e6 9. Qe2 b5 10. Bb3 Qc7 11. O-O Bd6 12. d4 O-O 13. Re1 a5 14. a4 b4 15. h3 c5 16. dxc5 Bxc5 17. Bg5 Nd5 18. Nd3 Bd6 19. Qg4 Kh8 20. Rad1 Bb7 21. Be3 Nxe3 22. Rxe3 Rad8 23. Rde1 Rfe8 24. Ne5 Bc5 25. Rg3 f6 26. Nd3 Bd6 27. Rge3 e5 28. Nf4 g6 29. Ne6 Qc6 30. Nxd8 Rxd8 31. Qf3 Qxf3 32. gxf3 Bc5 33. Rd3 Bd4 34. Kg2 Ba6 35. Rdd1 Rc8 36. f4 g5 37. fxe5 fxe5 38. h4 g4 39. Kg3 Rf8 40. Rd2 h5 41. Rxd4 exd4 42. Re5 Rf3+ 43. Kg2 d3 44. cxd3 Rxd3 45. Rxh5+ Kg7 46. Be6 Bb7+ 47. Kg1 g3 48. Rh7+ Kf6 49. Rxb7 Kxe6 50. fxg3 Rxg3+ 51. Kh2 Rb3 52. Rb5 Rxb2+ 53. Kg3 b3 54. Rxa5 Rb1 55. Rb5 b2 1/2-1/2

[Event "Swindon Open 1st"]
[Site "Swindon"]
[Date "2025.08.23"]
[Round "3.17"]
[White "Walsh, Jordan"]
[Black "Bolt, Graham"]
[Result "0-1"]
[WhiteElo "1735"]
[BlackElo "1917"]
[PlyCount "72"]
[EventDate "2025.08.22"]
[EventType "swiss"]
[EventRounds "6"]
[EventCountry "ENG"]
[SourceTitle "BritBase"]
[Source "John Saunders"]
[SourceDate "2025.12.11"]
[SourceVersion "1"]
[SourceVersionDate "2025.12.11"]
[SourceQuality "1"]

1. d4 g6 2. Nf3 Bg7 3. c4 d6 4. Nc3 Nd7 5. e4 c5 6. Be3 cxd4 7. Nxd4 Ngf6 8. Be2 Nc5 9. f3 a6 10. Qd2 Ne6 11. Nc2 O-O 12. h4 Nh5 13. g4 Ng3 14. Rh3 Nxe2 15. Kxe2 b5 16. h5 g5 17. h6 Bf6 18. Nd4 Bxd4 19. Bxg5 f6 20. Be3 Bxe3 21. Qxe3 Bb7 22. Nd5 bxc4 23. Rh5 Kh8 24. Rg1 Qe8 25. Rf5 Bxd5 26. exd5 Nc5 27. g5 Qb5 28. Kf2 Qxb2+ 29. Kg3 Rae8 30. Rg2 Qb1 31. Rf4 Qd3 32. Qxd3 cxd3 33. Rd4 fxg5 34. Kf2 Rf4 35. Rxf4 gxf4 36. Ke1 e6 0-1

[Event "Swindon Open 1st"]
[Site "Swindon"]
[Date "2025.08.23"]
[Round "3.18"]
[White "Poderico, Francesco"]
[Black "Cook, Michael-Antony"]
[Result "0-1"]
[WhiteElo "1731"]
[BlackElo "1913"]
[PlyCount "144"]
[EventDate "2025.08.22"]
[EventType "swiss"]
[EventRounds "6"]
[EventCountry "ENG"]
[SourceTitle "BritBase"]
[Source "John Saunders"]
[SourceDate "2025.12.11"]
[SourceVersion "1"]
[SourceVersionDate "2025.12.11"]
[SourceQuality "1"]

1. d4 d5 2. c4 c6 3. e3 Nf6 4. Nf3 e6 5. Nbd2 Nbd7 6. Bd3 Bd6 7. O-O O-O 8. b3 c5 9. Bb2 cxd4 10. exd4 b6 11. cxd5 Nxd5 12. Nc4 Be7 13. Rc1 Bb7 14. Bb1 N7f6 15. Nfe5 Rc8 16. a3 Nf4 17. Nf3 Qd5 18. Nce5 Rfd8 19. Re1 Ng6 20. Nxg6 hxg6 21. Re5 Qd6 22. Qe2 Rxc1+ 23. Bxc1 Ng4 24. Re4 Bxe4 25. Qxe4 Nf6 26. Qb7 Qd7 27. Qa6 Nd5 28. Bb2 Bd6 29. g3 Rc8 30. Bd3 Rc7 31. Bc4 Nf6 32. Ng5 Nd5 33. h4 Be7 34. Nf3 Bf6 35. a4 Nb4 36. Qb5 Qxb5 37. axb5 Rd7 38. Ne5 Bxe5 39. dxe5 Rd1+ 40. Kg2 Nd5 41. Ba3 f6 42. Bd6 Kf7 43. Kf3 Ne7 44. Bb8 Nc8 45. exf6 gxf6 46. Bf4 Ke7 47. Ke2 Rh1 48. Bd3 e5 49. Bd2 f5 50. Bg5+ Kd6 51. Bc4 Ne7 52. Bf7 Rb1 53. Bxe7+ Kxe7 54. Bxg6 Kf6 55. Be8 Rxb3 56. f3 Ra3 57. g4 fxg4 58. fxg4 Rh3 59. h5 Kg5 60. Bd7 Ra3 61. Bc8 Ra5 62. Bd7 a6 63. bxa6 Rxa6 64. Ke3 Ra7 65. Bf5 Ra4 66. Kd3 Rd4+ 67. Kc3 Rd6 68. Kc4 Kf4 69. Kc3 e4 70. Bxe4 Kxe4 71. g5 Kf5 72. g6 Rd7 0-1

[Event "Swindon Open 1st"]
[Site "Swindon"]
[Date "2025.08.23"]
[Round "3.19"]
[White "Bigi, Francesco"]
[Black "Coffey, Anthony"]
[Result "0-1"]
[WhiteElo "1497"]
[BlackElo "1953"]
[PlyCount "96"]
[EventDate "2025.08.22"]
[EventType "swiss"]
[EventRounds "6"]
[EventCountry "ENG"]
[SourceTitle "BritBase"]
[Source "John Saunders"]
[SourceDate "2025.12.11"]
[SourceVersion "1"]
[SourceVersionDate "2025.12.11"]
[SourceQuality "1"]

1. d4 Nf6 2. Nf3 g6 3. c4 Bg7 4. Nc3 O-O 5. e4 d6 6. Be2 e5 7. d5 a5 8. O-O Na6 9. Be3 Ng4 10. Bg5 f6 11. Bh4 Qe8 12. Nd2 Nh6 13. f4 exf4 14. Qc1 g5 15. Bf2 Ng4 16. h4 Nxf2 17. Rxf2 h6 18. h5 f5 19. exf5 Bd4 20. Nde4 Bxf5 21. Bf3 Be3 22. Qd1 Nc5 23. Nxc5 Bxf2+ 24. Kxf2 Qe3+ 25. Kf1 dxc5 26. d6 Qd3+ 27. Qxd3 Bxd3+ 28. Kf2 cxd6 29. Bxb7 Rae8 30. Rd1 Bxc4 31. Rxd6 Kg7 32. Rg6+ Kf7 33. Ne4 Rxe4 34. Bxe4 Re8 35. Kf3 Be2+ 36. Kxe2 Rxe4+ 37. Kd3 Re6 38. Rxe6 Kxe6 39. Ke4 Kf6 40. Kd5 g4 41. Ke4 Kg5 42. b3 g3 43. a4 Kg4 44. Kd5 f3 45. gxf3+ Kxf3 46. Kxc5 g2 47. Kb5 g1=Q 48. Kxa5 Qa7+ 0-1

[Event "Swindon Open 1st"]
[Site "Swindon"]
[Date "2025.08.23"]
[Round "3.20"]
[White "Lopatko, Vasyl"]
[Black "Sherwood, Gabriel"]
[Result "0-1"]
[WhiteElo "1857"]
[BlackElo "1848"]
[PlyCount "88"]
[EventDate "2025.08.22"]
[EventType "swiss"]
[EventRounds "6"]
[EventCountry "ENG"]
[SourceTitle "BritBase"]
[Source "John Saunders"]
[SourceDate "2025.12.11"]
[SourceVersion "1"]
[SourceVersionDate "2025.12.11"]
[SourceQuality "1"]

1. d4 d5 2. Nc3 Bf5 3. Bf4 e6 4. e3 Bd6 5. g4 Bg6 6. h4 h5 7. g5 Bxf4 8. exf4 Ne7 9. Nf3 c6 10. Qd2 Nd7 11. Na4 Be4 12. Be2 Qc7 13. Nc3 O-O-O 14. O-O-O Bxf3 15. Bxf3 Nf8 16. Rh3 Nfg6 17. Ne2 Nf5 18. Rdh1 Kb8 19. Bg2 Rc8 20. Rc3 Ngxh4 21. Bh3 Nd6 22. f3 Ng6 23. b3 Qa5 24. Rc5 Qxd2+ 25. Kxd2 Nb5 26. Rxb5 cxb5 27. a3 Nh4 28. Ke3 Rxc2 29. Kd3 Ra2 30. Bxe6 fxe6 31. Rxh4 Rxa3 32. Nc1 Ra1 33. Ne2 b4 34. f5 exf5 35. Nf4 Rd1+ 36. Ke2 Rxd4 37. Ke3 Rd1 38. Ke2 Rb1 39. Nxd5 Rxb3 40. Nxb4 Re8+ 41. Kf2 Rd8 42. Kg3 Rb2 43. Rc4 a5 44. Nc2 Rc8 0-1

[Event "Swindon Open 1st"]
[Site "Swindon"]
[Date "2025.08.24"]
[Round "4.1"]
[White "Beaumont, Chris R"]
[Black "Arkell, Keith C"]
[Result "1/2-1/2"]
[WhiteElo "2142"]
[BlackElo "2363"]
[PlyCount "41"]
[EventDate "2025.08.22"]
[EventType "swiss"]
[EventRounds "6"]
[EventCountry "ENG"]
[SourceTitle "BritBase"]
[Source "John Saunders"]
[SourceDate "2025.12.11"]
[SourceVersion "1"]
[SourceVersionDate "2025.12.11"]
[SourceQuality "1"]

1. Nf3 b5 2. e4 Bb7 3. Bxb5 Bxe4 4. d4 Nf6 5. O-O e6 6. c4 c6 7. Ba4 Bxb1 8. Rxb1 Be7 9. b4 O-O 10. b5 Qc7 11. Ne5 cxb5 12. Bxb5 a6 13. Ba4 d6 14. Qf3 Ra7 15. Nc6 Nxc6 16. Bxc6 Qa5 17. d5 Nd7 18. Be3 Nc5 19. dxe6 fxe6 20. Qh3 Qxa2 21. Bxc5 1/2-1/2

[Event "Swindon Open 1st"]
[Site "Swindon"]
[Date "2025.08.24"]
[Round "4.2"]
[White "Garcia Hernandez, Oscar"]
[Black "Boswell, Jacob Connor"]
[Result "0-1"]
[WhiteElo "2083"]
[BlackElo "2278"]
[PlyCount "134"]
[EventDate "2025.08.22"]
[EventType "swiss"]
[EventRounds "6"]
[EventCountry "ENG"]
[SourceTitle "BritBase"]
[Source "John Saunders"]
[SourceDate "2025.12.11"]
[SourceVersion "1"]
[SourceVersionDate "2025.12.11"]
[SourceQuality "1"]

1. e4 c5 2. c3 Nf6 3. e5 Nd5 4. Nf3 d6 5. d4 Nc6 6. exd6 cxd4 7. Nxd4 Nxd4 8. Qxd4 e6 9. Bb5+ Bd7 10. Na3 Bxb5 11. Nxb5 a6 12. Na3 Qxd6 13. Nc4 Qc7 14. Bg5 f6 15. Bh4 Rc8 16. Ne3 Qf4 17. Qxf4 Nxf4 18. O-O-O g5 19. Bg3 Ne2+ 20. Kc2 Nxg3 21. hxg3 h5 22. Rh3 Rc7 23. Ng4 Kf7 24. Rd8 Kg6 25. Ne3 Bg7 26. Rxh8 Bxh8 27. Rh1 Rd7 28. f4 Bg7 29. Rf1 Bf8 30. b4 Rd8 31. a4 Bd6 32. Rd1 Bc7 33. Rxd8 Bxd8 34. Kd3 Bc7 35. Ke4 f5+ 36. Kf3 e5 37. Nd5 e4+ 38. Ke3 Bb8 39. c4 Ba7+ 40. c5 a5 41. Kd4 axb4 42. Nxb4 e3 43. Nd3 e2 44. Kd5 Kf6 45. a5 Bb8 46. c6 bxc6+ 47. Kxc6 gxf4 48. a6 Ba7 49. Kb7 Bd4 50. gxf4 Ke6 51. Kc6 Bf2 52. g3 Bg1 53. Ne1 Be3 54. Nd3 Bf2 55. Ne1 h4 56. gxh4 Bxe1 57. a7 Bxh4 58. a8=Q e1=Q 59. Qe8+ Kf6 60. Qf8+ Kg6 61. Qg8+ Kh5 62. Qf7+ Kg4 63. Qg6+ Kxf4 64. Qd6+ Kg4 65. Qg6+ Bg5 66. Kc5 Qe5+ 67. Kc4 f4 0-1

[Event "Swindon Open 1st"]
[Site "Swindon"]
[Date "2025.08.24"]
[Round "4.4"]
[White "Verma, Aditya"]
[Black "Malinovskii, Ilia"]
[Result "1-0"]
[WhiteElo "2093"]
[BlackElo "2075"]
[PlyCount "91"]
[EventDate "2025.08.22"]
[EventType "swiss"]
[EventRounds "6"]
[EventCountry "ENG"]
[SourceTitle "BritBase"]
[Source "John Saunders"]
[SourceDate "2025.12.11"]
[SourceVersion "1"]
[SourceVersionDate "2025.12.11"]
[SourceQuality "1"]

1. e4 c5 2. Nf3 Nc6 3. d4 cxd4 4. Nxd4 e5 5. Nb5 a6 6. Nd6+ Bxd6 7. Qxd6 Qe7 8. Qd1 Nf6 9. Nc3 d6 10. Be3 Be6 11. Nd5 Bxd5 12. exd5 Nb8 13. a4 Nbd7 14. a5 O-O 15. Be2 Ne8 16. O-O f5 17. f3 Rc8 18. c4 f4 19. Bf2 Rf5 20. Bd3 Rh5 21. b4 Qg5 22. Rc1 Qh6 23. h3 Rg5 24. Kh2 Nef6 25. Re1 e4 26. Bxe4 Nxe4 27. Rxe4 Ne5 28. Qf1 Re8 29. Rce1 Rf8 30. Bd4 Ng6 31. Bf2 Qh5 32. Re8 h6 33. Rxf8+ Nxf8 34. Qe2 Kh7 35. Qe4+ Ng6 36. Qc2 Rf5 37. Re6 Kg8 38. c5 dxc5 39. bxc5 Nf8 40. Rb6 Rxd5 41. Rxb7 Ne6 42. c6 Rxa5 43. Rb8+ Kf7 44. c7 Nxc7 45. Qxc7+ Kg6 46. Qxf4 1-0

[Event "Swindon Open 1st"]
[Site "Swindon"]
[Date "2025.08.24"]
[Round "4.5"]
[White "Jones, Steven A"]
[Black "Moyse, Nigel John"]
[Result "1-0"]
[WhiteElo "2185"]
[BlackElo "1944"]
[PlyCount "63"]
[EventDate "2025.08.22"]
[EventType "swiss"]
[EventRounds "6"]
[EventCountry "ENG"]
[SourceTitle "BritBase"]
[Source "John Saunders"]
[SourceDate "2025.12.11"]
[SourceVersion "1"]
[SourceVersionDate "2025.12.11"]
[SourceQuality "1"]

1. e4 e6 2. d4 d5 3. Nc3 Nf6 4. Bg5 Bb4 5. exd5 Qxd5 6. Bxf6 gxf6 7. Qd2 Bxc3 8. bxc3 c5 9. Nf3 cxd4 10. cxd4 Rg8 11. c4 Qe4+ 12. Qe3 Qc2 13. g3 Nc6 14. Rc1 Qf5 15. Bg2 Bd7 16. O-O Kf8 17. d5 Ne5 18. Nxe5 Qxe5 19. Qc5+ Kg7 20. Rfe1 Qb8 21. dxe6 Bxe6 22. Rb1 Qc8 23. Qxc8 Raxc8 24. Rxb7 Bxc4 25. Rxa7 Rge8 26. Ra1 Red8 27. Bh3 Rb8 28. Rc7 Bb5 29. Be6 Be8 30. Bb3 Rd3 31. Re1 Rd7 32. Rxe8 1-0

[Event "Swindon Open 1st"]
[Site "Swindon"]
[Date "2025.08.24"]
[Round "4.6"]
[White "Gimenez Menchon, Cesar"]
[Black "Kapechun, Mikhailo"]
[Result "1-0"]
[WhiteElo "2075"]
[BlackElo "1985"]
[PlyCount "133"]
[EventDate "2025.08.22"]
[EventType "swiss"]
[EventRounds "6"]
[EventCountry "ENG"]
[SourceTitle "BritBase"]
[Source "John Saunders"]
[SourceDate "2025.12.11"]
[SourceVersion "1"]
[SourceVersionDate "2025.12.11"]
[SourceQuality "1"]

1. e4 c5 2. Nf3 Nc6 3. g3 g6 4. Bg2 Bg7 5. O-O Nf6 6. d3 O-O 7. Re1 d6 8. h3 Rb8 9. a4 a6 10. c3 e5 11. d4 b5 12. axb5 axb5 13. Bg5 Qb6 14. dxe5 dxe5 15. Na3 Be6 16. Qe2 h6 17. Bxf6 Bxf6 18. Red1 Be7 19. Nc2 Bc4 20. Qd2 Bb3 21. Re1 Rfd8 22. Qc1 Bxc2 23. Qxc2 c4 24. Red1 Bf6 25. Nh2 h5 26. h4 b4 27. Nf1 bxc3 28. bxc3 Qb3 29. Ne3 Qxc2 30. Nxc2 Rb3 31. Ne3 Be7 32. Nd5 Bc5 33. Ra2 Rdb8 34. Bf1 Rb1 35. Rxb1 Rxb1 36. Kg2 Rc1 37. Bxc4 Ne7 38. Ra5 Nxd5 39. Rxc5 Nb6 40. Bb3 Kg7 41. Rc7 Kh6 42. Bxf7 Na4 43. c4 Nc3 44. Rc6 Nxe4 45. Bxg6 Nd2 46. Bf7+ Kg7 47. Bxh5 Nxc4 48. Kh2 Rc2 49. Kh3 e4 50. Rc7+ Kh6 51. Bf7 Na3 52. Rxc2 Nxc2 53. g4 e3 54. fxe3 Nxe3 55. g5+ Kg7 56. Be6 Nc2 57. Kg4 Nd4 58. Bd7 Nc2 59. Kf4 Nb4 60. Ke5 Nd3+ 61. Kf5 Ne1 62. Ke4 Nc2 63. h5 Ne1 64. h6+ Kf8 65. g6 Ng2 66. g7+ Kf7 67. Be6+ 1-0